000 00419nam a2200169Ia 4500
003 GCL
008 140319s9999 xx 000 0 ara d
040 _aGCL /
_cGCL
082 0 4 _a811.9
_bص ا
100 1 _aصالح جودت
245 1 0 _aالحان مصرية /
_cصالح جودت
300 _a225 ص
490 _a
650 0 4 _aالشعر العربى
650 0 4 _aالادب العربى
942 _2ddc
_cBK
999 _c45470
_d45470